| 000 | 00427nam a2200157Ia 4500 | ||
|---|---|---|---|
| 008 | 100122s9999 xx 000 0 und d | ||
| 082 |
_b38250 _a794.147 |
||
| 100 | _aAUTHOR TO ENTER | ||
| 245 | _aFIGHTING CHESS: GAMES & CAREER | ||
| 260 |
_bB.T. BATSFORD LTD _c1905 |
||
| 300 | _a183 | ||
| 630 | _aFIGHTING CHESS: GAMES & CAREER | ||
| 700 | _aAUTHOR TO ENTER | ||
| 730 | _aFIGHTING CHESS: GAMES & CAREER | ||
| 942 | _cBOOK | ||
| 999 |
_c371924 _d371921 |
||